Missing Word: Stanley Kubrick Movies Quiz Stats

 Plays Quiz Updated Sep 25, 2014

Challenge
Share
Tweet
Embed
Score 0/9 Timer 01:00
0 Plays Today
Stanley Kubrick Movie Missing Word % Correct
________ Metal JacketFull
96.9%
Eyes Wide ________Shut
96.9%
A ________ Orange Clockwork
95.7%
2001: A Space ________ Odyssey
83.2%
Dr. ________ or: How I Learned to Stop Worrying and Love the Bomb Strangelove
77.2%
Barry ________Lyndon
35.7%
________ of Glory Paths
27.1%
Killer's ________Kiss
12.8%
________ and DesireFear
12.4%

Today's Daily Dose

You're not logged in!

Compare scores with friends on all Sporcle quizzes.
Join for Free
OR
Log In

You Might Also Like...

Show Comments

Extras

Top Quizzes Today


Score Distribution

Your Account Isn't Verified!

In order to create a playlist on Sporcle, you need to verify the email address you used during registration. Go to your Sporcle Settings to finish the process.

Report this User

Report this user for behavior that violates our Community Guidelines.

Details: